| 000 | 00697nam a2200181 u 4500 | ||
|---|---|---|---|
| 003 | AM-YeHGA | ||
| 005 | 20250618073204.0 | ||
| 008 | 071105s1875 gs r 000 0 arm d | ||
| 040 | _aAM-YeHGA | ||
| 041 | 0 | _aarm | |
| 245 | 0 | 0 |
_aՀամառօտ տեսութիւն երկրի եւ լոյսի մասին / _cՓոխադր.՝ Բ. Պեճիկեանցի. |
| 260 |
_aԹիֆլիս : _bտպ. Համբարձում Էնֆիաճեանց եւ ընկ., _c1875. |
||
| 300 |
_a52 էջ ; _c17 սմ. |
||
| 650 | 1 | 4 |
_aԱստղագիտություն _918 |
| 856 | 4 | 1 |
_uhttp://greenstone.flib.sci.am/gsdl/collect/haygirq/book/hamarot_tesutyun1875.pdf _yԿարդալ առցանց |
| 942 |
_2udc _cBK |
||
| 090 | _c216991 | ||
| 999 |
_c215472 _d215472 |
||